01779nam a2200493 i 450000100060000000300090000600500170001500800390003201500180007102000150008903500230010403500360012703500140016303500210017703500170019803500230021503500440023804000280028204100130031004600090032308000140033208000090034610000290035524501210038424600820050526000550058730000270064233600270066933700540069633800280075038000160077838000230079438800100081750000840082750400240091165000330093565500220096865800430099070000280103370000400106170000460110171000400114785600980118739297KOSZ 00520211214110107.0010423s2001 pl f |001 0 pol aUWD 2001/6538 a8320425964 a991016050529705066 a(PL-WaBN)b14309385-48omnis_nlop ab14309385 a(OCoLC)749236309 azz2003911710 a(PL)b0000001430938 a(EXLNZ-48OMNIS_NETWORK)9910071259905606 aWA NcWA NdKOSZ 005/HR1 apolheng k2001 a004.655.3 a(07)1 aBowman, Judith S.eAutor10aPodręcznik języka SQL /cJudith S. Bowman, Sandra L. Emerson, Marcy Darnovsky ; z ang. przeł. Romuald Kotowski.1 iTyt. oryg.:aPractical SQL handbook :busing structured query language,f1996 aWarszawa :bWydawnictwa Naukowo-Techniczne,c2001. aXXIV, 404 s. ;c25 cm. aTekstbtxt2rdacontent aBez urządzenia pośredniczącegobn2rdamedia aWoluminbnc2rdacarrier aKsiążki aPublikacje fachowe a2001- aTyt. oryg.: The practical SQL handbook : using structured query language, 1996. aBibliogr. - Indeks. 7aSQL (język zapytań)2DBN 7aPodręcznik2DBN aInformatyka i technologie informacyjne1 aDarnovsky, MarcyeAutor1 aEmerson, Sandra L.d(1947- )eAutor1 aKotowski, Romualdd(1946- )eTłumaczenie2 aWydawnictwa Naukowo-Techniczne4pbl uhttp://koha.tu.koszalin.pl/cgi-bin/koha/opac-detail.pl?biblionumber=39297yKatalog online BPK